000 00229nam a2200097Ia 4500
001 709289
005 20250826162544.0
008 250824s9999 xx 000 0 und d
245 0 _aHUKUKÇU
_cTOPRAK IŞIK
260 _bTUDEM YAYINLARI
999 _c709289
_d709289